Municipios de La Guajira - Map Quiz - Estadísticas

Estadísticas generales
  • Esta prueba ha sido intentada 511 veces
  • La puntuación promedio es 11 de 15
Respuestas en el mapa
Las respuestas están codificadas por una escala verde-roja en el mapa de la prueba según el % correcto abajo.
 
Estadísticas de respuestas
Respuesta % Correcto
RIOHACHA
97%
MAICAO
93%
URIBIA
87%
MANAURE
84%
SAN JUAN DEL CESAR
80%
DIBULLA
76%
FONSECA
75%
BARRANCAS
71%
VILLANUEVA
70%
URUMITA
68%
DISTRACCION
64%
EL MOLINO
59%
ALBANIA
58%
HATONUEVO
58%
LA JAGUA DEL PILAR
56%
No se encontraron pruebas coincidentes
Distribución de puntuación
Porcentaje de gente con cada puntuación
Porcentaje por número respondido
Historial de tus puntuaciones
No has intentado esta prueba.